000 00947nas a2200277 4500
001 BR8101201
003 BR-BrBNA
005 20231205084544.0
007 ta
008 230509b bl.|||p| |||| 00| 00por d
040 _aBR-BrBNA
_bpor
_cBiblioteca Nacional de Agricultura
041 _a(Pt)
072 _aH20
100 1 _aRibeiro, A.S.
111 1 _a2. Reuniao Nacional de Pesquisa de Arroz
_cGoiania, GO (Brazil)
_dFeb 1980
245 1 _aCompatibilidade do arroz com Pyricularia de outras gramineas [Oryza sativa; Brusone]
246 1 _aRice compatibility with Pyricularia from other grasses [Oryza sativa; Blast]
650 _aDoenca de planta
650 _aArroz
650 _aBrusone
650 _aHospedeiro vegetal
650 _aGraminea
773 0 _tPesquisa Agropecuaria Brasileira (Brazil)
_xISSN 0100-204X
_g(Mar 1981), v. 16(2) p. 209-212
_wBR8101201
909 _a202311
_bLúcia
_c55
_dLúcia Elande
942 _2AGRIS
_n0
_cANA
999 _c105892
_d105892